[Event "AUT-ch U10 Boys+Girls"]
[Site "Imst"]
[Date "2011.06.25"]
[Round "4.4"]
[White "Moerwald, Miriam"]
[Black "Seidl, Leon"]
[Result "0-1"]
[WhiteElo "1000"]
[BlackElo "1391"]
[PlyCount "38"]
[EventDate "2011.06.24"]
[EventType "swiss"]
[EventRounds "7"]
[EventCountry "AUT"]
[SourceTitle "EXT 2024"]
[Source "ChessBase"]
[SourceDate "2023.10.10"]
[SourceVersion "1"]
[SourceVersionDate "2023.10.10"]
[SourceQuality "1"]

1. e4 e5 2. Nf3 Nc6 3. Bc4 Nf6 4. Ng5 d5 5. exd5 Na5 6. Bb5+ c6 7. dxc6 Nxc6 8. Qf3 Qd5 9. Qe2 Qxg2 10. Bxc6+ bxc6 11. Qxe5+ Be7 12. Qc7 0-0 13. Rf1 Qxg5 14. Nc3 Re8 15. Ne2 Bg4 16. d4 Qb5 17. f3 Bd6 18. Kd2 Qxe2+ 19. Kc3 Bxc7 0-1

[Event "AUT-ch U10 Boys+Girls"]
[Site "Imst"]
[Date "2011.06.24"]
[Round "1.8"]
[White "Seidl, Leon"]
[Black "Martic, Matea"]
[Result "1-0"]
[WhiteElo "1391"]
[BlackElo "1200"]
[PlyCount "101"]
[EventDate "2011.06.24"]
[EventType "swiss"]
[EventRounds "7"]
[EventCountry "AUT"]
[SourceTitle "EXT 2024"]
[Source "ChessBase"]
[SourceDate "2023.10.10"]
[SourceVersion "1"]
[SourceVersionDate "2023.10.10"]
[SourceQuality "1"]

1. e4 e5 2. Nf3 Nc6 3. Bc4 Nf6 4. d3 Be7 5. h3 0-0 6. 0-0 d5 7. exd5 Nxd5 8. Bb5 Qd6 9. Bxc6 bxc6 10. Na3 Ba6 11. Re1 f6 12. d4 exd4 13. Qxd4 Nb4 14. c3 Nd3 15. Qxd6 Bxd6 16. Rd1 Nxc1 17. Raxc1 Be2 18. Re1 Bf4 19. Ra1 Ba6 20. c4 Rae8 21. b3 Bd6 22. Nc2 Rxe1+ 23. Rxe1 Bc8 24. Nfd4 c5 25. Nb5 a6 26. Nxd6 cxd6 27. Rd1 Rd8 28. Re1 Bf5 29. Ne3 Bg6 30. Nd5 Re8 31. Kf1 Rxe1+ 32. Kxe1 Bb1 33. Nc3 Bf5 34. Nd5 Be4 35. f3 Bxd5 36. cxd5 Kf7 37. g4 Kg6 38. f4 h5 39. Ke2 f5 40. g5 Kf7 41. Kd3 g6 42. Kc4 Ke7 43. b4 cxb4 44. Kxb4 Kd7 45. Ka5 h4 46. Kxa6 Kc7 47. a4 Kb8 48. Kb6 Kc8 49. Kc6 Kd8 50. Kxd6 Ke8 51. a5 1-0